LIBRARY ONLINE CATALOGUE

Shot-gun and sunlight : (Record no. 12930)

MARC details
000 -LEADER
fixed length control field 00571nam a22001932 4500
001 - CONTROL NUMBER
control field 0000004802
005 - DATE AND TIME OF LATEST TRANSACTION
control field 20151217155826.0
008 - FIXED-LENGTH DATA ELEMENTS--GENERAL INFORMATION
fixed length control field 070530s xx 000 0 eng d
040 ## - CATALOGING SOURCE
Original cataloging agency KABU
Transcribing agency KABU
050 #0 - LIBRARY OF CONGRESS CALL NUMBER
Classification number SK324
Item number .A354L96
100 1# - MAIN ENTRY--PERSONAL NAME
Personal name Lynn-Allen, B. G.
-- 0000155615
245 10 - TITLE STATEMENT
Title Shot-gun and sunlight :
Remainder of title the game birds of East Africa.
260 ## - PUBLICATION, DISTRIBUTION, ETC. (IMPRINT)
Place of publication, distribution, etc. London :
Name of publisher, distributor, etc. Batchworth Press,
Date of publication, distribution, etc. 1951.
300 ## - PHYSICAL DESCRIPTION
Extent 416 p.
650 #0 - SUBJECT ADDED ENTRY--TOPICAL TERM
Topical term or geographic name as entry element Game birds
Geographic subdivision Africa, East.
-- 0000155616
908 ## - PUT COMMAND PARAMETER (RLIN)
Put command parameter 070530
950 ## - LOCAL HOLDINGS (RLIN)
-- 1
Holdings
Withdrawn status Lost status Source of classification or shelving scheme Not for loan Home library Current library Date acquired Total Checkouts Full call number Barcode Date last seen Price effective from Koha item type
    Library of Congress Classification   Kabarak, Main Campus Kabarak, Main Campus 17/12/2015   SK324 .A354L96 003987 17/12/2015 17/12/2015 Africana Collection